| 000 | 00360nam a22001217a 4500 | ||
|---|---|---|---|
| 082 |
_a347.4210954 _bBAS |
||
| 100 | _aBasit, Muhammad Abdul | ||
| 245 |
_aLaw of defamation & malicious prosecution with model forms / _cMuhammad Abdul Basit |
||
| 260 |
_aRawalpindi : _bFederal Law House, _c2017. |
||
| 300 |
_a282 p. ; _c24 CM. |
||
| 563 | _aHB. | ||
| 942 |
_2ddc _cBK |
||
| 999 |
_c615981 _d615981 |
||